III Festival de Música Antiga de Poblet : direcció Jordi Savall : 14-15-16 d'agost 2015 direcció Jordi Savall : 14-15-16 d'agost 2015
Descripción Física:
46 pàgines : il·lustracions (algunes en color) ; 21 cm
Materias:
Monestir de Santa Maria de Poblet
; Festivals de música -- Programes
; Música -- Fins al 500
Idioma:
Catalán
MARC
| LEADER | 00000nam a22000007a 4500 | ||
|---|---|---|---|
| 001 | 25477 | ||
| 008 | 220513b spa||||| |||| 00| 0 cat d | ||
| 080 | |a FU-68-82 | ||
| 111 | |a Festival de Música Antiga de Poblet |9 53210 |n (3r : |d 2015 : |c Poblet, Catalunya) | ||
| 245 | |a III Festival de Música Antiga de Poblet : |b direcció Jordi Savall : 14-15-16 d'agost 2015 | ||
| 246 | 2 | 2 | |a Tercer Festival de Música Antiga de Poblet |
| 260 | |a Poblet : |b Monestir de Poblet, |c 2015 | ||
| 300 | |a 46 pàgines : |b il·lustracions (algunes en color) ; |c 21 cm | ||
| 610 | 2 | 0 | |a Monestir de Santa Maria de Poblet |9 52909 |
| 650 | 0 | |9 52910 |a Festivals de música |x Programes | |
| 650 | 0 | |9 52911 |a Música |y Fins al 500 | |
| 710 | 2 | |a Monestir de Santa Maria de Poblet |9 52909 | |
| 942 | |2 udc |c ARXIU |n 1 | ||
| 952 | |0 0 |1 0 |4 0 |6 FU6882 |7 1 |9 61662 |a Arxiu |b Arxiu |d 2022-05-13 |l 0 |o FU-68-82 |p 25477 |r 2022-05-13 00:00:00 |w 2022-05-13 |y ARXIU | ||
| 999 | |c 81556 |d 81556 | ||